000 00822nam a2200277u 4500
001 26418
003 BD-RjUL
005 20211209051020.0
008 140322s1962 ii 001 0 eng d
035 _a(BD-RjUL)26488
040 _aDLC
_cCarP
_dDLC
_dBD-RjUL
_beng
041 _aeng
082 0 0 _a923.154
_bSAS 1962
100 1 _aSarkar, Jadunath,
_d1870-1958.
_919419
245 1 2 _aA short history of Aurangzib, 1618-1707 /
_cJadunath Sarkar.
250 _a3rd ed.
260 _aCalcutta :
_bM. C. Sarkar,
_c1962.
300 _a478 p. :
_c22 cm.
504 _aIncludes index.
600 0 0 _aAurangzeb,
_cEmperor of Hindustan,
_d1618-1707.
_981233
651 0 _aMogul Empire.
_981226
651 0 _aIndia
_xHistory
_y1526-1765.
_981227
942 _2ddc
_cBK
999 _c26418
_d26418